The Uruguay round : ASEAN trade policy options

Bibliographic Details
Other Authors: Mohamed Ariff, Tan,
Format: Book
Published: Singapore: Institute of Southeast Asian Studies, 1988.
Subjects:
LEADER 00585cam a2200181 7i4500
001 0000003921
005 19991025090000.0
002 ##000005349
020 0 0 |a 981-3035-04-8  
090 0 0 |a ASEA 380.13   |b URU 
245 0 0 |a The Uruguay round :   |b ASEAN trade policy options   |c edited by Mohamed Ariff and Tan Loong-Hoe. 
260 0 0 |a Singapore:   |b Institute of Southeast Asian Studies,   |c 1988. 
300 0 0 |a 211 p.. 
650 0 0 |a Commercial policy --   |z ASEAN  
651 0 0 |a ASEAN  
700 0 1 |a Mohamed Ariff  
700 0 1 |a Tan,   |h Loong-Hoe  
999 |a 0000006204  |b Book  |c Open shelf  |e Business Information Centre